[Event "WSTCC-50 2020"]
[Site "Prague"]
[Date "2020.03.10"]
[Round "5.20"]
[White "Vrbata, Zbynek"]
[Black "Barron, Michael"]
[Result "1-0"]
[WhiteElo "2350"]
[BlackElo "2075"]
[Annotator "TA"]
[PlyCount "191"]
[EventDate "2020.03.06"]
[EventType "team-tourn"]
[EventCountry "CZE"]
[SourceTitle "playchess.com"]
[Source "ChessBase"]
[SourceQuality "1"]

{[%evp 13,191,27,41,40,30,0,29,23,10,27,87,87,86,35,50,50,100,0,0,0,0,5,0,0,24,28,24,33,40,23,44,22,64,9,65,37,65,38,31,6,33,33,54,41,62,37,82,84,86,90,101,73,162,158,165,156,279,274,258,265,256,118,118,118,118,118,118,118,118,118,250,255,618,623,744,520,554,517,464,445,717,671,620,588,710,662,2962,2931,2911,2915,2808,2784,2452,2758,2447,2561,2845,2228,2906,2839,2710,2394,2829,0,1364,0,2911,2010,1462,2262,826,1776,1932,1681,709,2351,1993,1454,1679,1646,1705,1681,5502,4678,12841,12842,12842,12839,12840,12840,12841,12841,12841,12841,12841,12841,12841,12841,12841,12842,12842,12842,12846,12847,12847,12847,12847,12847,12850,12847,12850,12851,27999,27999,27996,27999,27995,27995,27996,27996,27997,27997,27998,27998,27999,27999,27997,27997,27998,27998,27999,27999,27994,27994,27998,27998,27999,27998,27999,27999]} 1. d4 f5 2. g3 Nf6 3. Bg2 g6 4. Nf3 Bg7 5. O-O O-O 6. b3 Ne4 7. Bb2 c5 8. Qc1 {A81: Dutch Defence: 2 g3.} cxd4 9. Nxd4 e5 10. Nf3 {White has an edge.} Nc6 11. c4 {[#]} d5 $146 (11... a5 $11 {remains equal.}) ({Predecessor:} 11... d6 12. Nc3 Nxc3 13. Qxc3 Qe7 14. Qd2 Be6 15. Rad1 Rfd8 16. Ng5 Bh6 17. f4 Bxg5 18. fxg5 Rd7 19. Bd5 Rc8 20. e4 fxe4 21. Rf6 Nd4 22. Qxd4 {1-0 (22) Joanpera Morales,A-Castany Vilaseca,L Catalunya 1996}) 12. cxd5 $1 $16 Qxd5 13. Nc3 (13. Ng5 $16) 13... Nxc3 $14 14. Qxc3 {Black must now prevent Ng5.} Qf7 15. Rfd1 (15. Ng5 $16 Qe7 16. Bxc6 (16. Qc4+ Kh8 $14) 16... bxc6 17. Qxc6 (17. Qc4+ Kh8 $14)) 15... e4 $11 16. Qxg7+ Qxg7 17. Bxg7 Kxg7 18. Nd4 Bd7 19. f3 Nxd4 20. Rxd4 {[%mdl 64] Double Attack} Bc6 21. fxe4 f4 22. Rad1 Rae8 23. Bf3 (23. g4 $14) 23... Re5 (23... fxg3 $11 24. hxg3 Re5) 24. Kg2 Rf7 25. R1d2 Rf6 26. Rd6 Rf7 27. R2d4 Rf8 28. Rd8 {Hoping for Rxf8.} Rf6 29. h4 Rf7 30. g4 h6 31. Kf2 Rfe7 32. e3 g5 (32... Rf7 $16) 33. exf4 $1 $18 gxf4 34. R8d6 $1 Re8 (34... Rc5 $16 {was worth a try.} 35. e5 Bxf3 36. Kxf3 Rcxe5 37. Kxf4 Re2) 35. h5 R8e6 36. Rxe6 Rxe6 {[%mdl 4096] Endgame KRB-KRB} 37. Ke2 (37. e5 $18 {is more deadly.}) 37... Kf6 $16 38. Rd8 $1 Ke5 39. Rg8 Bxe4 40. Bxe4 Kxe4 {[#] KR-KR} 41. Kf2 $1 Re7 (41... Ra6 $16) 42. Rg6 $18 Ke5 $2 (42... f3) 43. Rxh6 Rc7 44. Rh8 Rc2+ 45. Kf3 Rc3+ 46. Ke2 f3+ {[#]} (46... Kf6 $142 47. Rf8+ Kg5 48. Rg8+ Kh6 49. Rg6+ Kh7) 47. Kd2 $1 {[%cal Rd2c3]} f2 48. Rf8 Rg3 49. Rxf2 Rxg4 50. Rh2 Rg7 51. h6 Rh7 52. Kc3 Kd5 53. Rh5+ Ke6 54. Kc4 Kd6 55. Rh2 Ke5 56. a4 Rc7+ 57. Kb5 Rh7 58. Kc4 (58. Rh4 $142 Kd6 59. a5) 58... Rc7+ $1 59. Kb5 (59. Kb4 $142) 59... Rh7 60. b4 Kd5 61. Rh5+ Kd6 62. Kc4 (62. a5 $142 Ke6 63. Kc5) 62... Rc7+ 63. Kd4 Rh7 64. Ke4 (64. Rh2 $142 Ke6 65. a5) 64... Ke6 65. Rh2 Kf6 66. Kf4 Kg6 67. Ke5 Kf7 68. b5 b6 69. Kf5 Kg8 70. Kg6 {White wants to mate with Re2.} Rd7 71. Rf2 Rd6+ 72. Rf6 Rd8 73. Rc6 Kh8 74. Rc7 Rd6+ 75. Kg5 Rd5+ 76. Kf6 Rd6+ {[#]} 77. Ke5 $1 Rxh6 78. Rxa7 Kg8 79. Re7 Kf8 80. Re6 Rh4 81. Kd5 Kf7 82. Rxb6 Rxa4 83. Ra6 {White mates.} Rb4 84. Kc5 Rb1 85. Rd6 Ke7 86. Rd2 Rc1+ 87. Kb6 Rb1 88. Kc6 Rc1+ 89. Kb7 Rb1 90. b6 {[%cal Bb5b6,Bb6b7][%mdl 32]} Ke6 91. Kc7 Rc1+ 92. Kb8 Rb1 93. b7 Ke7 94. Ra2 Kd7 95. Ka8 Kc7 96. Rc2+ {Accuracy: White = 84%, Black = 59%.} 1-0

[Event "WSTCC-50 2020"]
[Site "Prague"]
[Date "2020.03.10"]
[Round "5.21"]
[White "Sokolin, Leonid"]
[Black "Strutinskaia, Galina"]
[Result "1/2-1/2"]
[WhiteElo "2496"]
[BlackElo "2214"]
[Annotator "TA"]
[PlyCount "146"]
[EventDate "2020.03.06"]
[EventType "team-tourn"]
[EventCountry "CZE"]
[SourceTitle "playchess.com"]
[Source "ChessBase"]
[SourceQuality "1"]

{[%evp 11,146,18,37,13,48,35,40,16,27,20,22,18,55,29,20,14,20,0,13,20,10,6,22,17,16,10,10,0,0,3,54,54,85,73,64,33,23,15,33,20,60,66,97,47,76,61,64,46,50,66,97,42,97,0,0,0,37,25,106,-66,0,-2,-2,-2,0,-14,-5,-65,-20,-37,-40,-37,-29,-27,-7,-32,-31,-35,-31,-48,-39,-52,0,-8,0,0,0,0,8,0,0,0,13,13,37,46,66,0,8,12,12,12,12,12,12,0,0,0,0,0,12,12,12,12,12,12,12,12,14,12,17,0,0,0,0,0,0,0,0,0,29976,0,0,0,8,8,8]} 1. e4 c5 2. Nf3 Nc6 3. Bb5 e6 4. O-O Nge7 5. d4 cxd4 6. Nxd4 Qb6 7. Nxc6 {B30: Sicilian: 2...Nc6 3 Bb5, lines without ...g6.} Nxc6 (7... bxc6 {feels hotter.} 8. Bd3 Ng6 9. c4 Bc5 10. Nc3 Qc7) 8. Nc3 Bb4 {[#]} 9. a4 $146 {White is slightly better.} ({Predecessor:} 9. Be3 Qa5 10. a4 O-O 11. Ne2 a6 12. Bc4 Qc7 13. Ng3 d6 14. f4 d5 15. Bd3 dxe4 16. Nxe4 {1-0 (37) Cornette,M (2584)-Roos,J (2247) Baden 2018}) 9... O-O 10. Bf4 a6 11. Be2 Qd4 12. Bd3 Qf6 13. Bg3 d6 14. Ne2 Bc5 15. c3 e5 16. b4 Bb6 17. Kh1 g5 18. Qd2 Be6 19. Rab1 Ne7 20. a5 Bc7 ({Black should play} 20... Ba7 $11) 21. c4 b6 22. axb6 Bxb6 23. Qc3 Nc6 {[#]} 24. f4 $1 {[%mdl 512]} gxf4 (24... exf4 25. Qxf6) 25. Bxf4 {Hoping for Be3!} Qg7 26. Bg3 Rfc8 27. Qd2 Bd8 28. Bf2 Bg5 29. Be3 Bxe3 30. Qxe3 Nd4 31. Rbc1 (31. Nxd4 $16 exd4 32. Qe2) 31... Rab8 (31... a5 $14) 32. c5 ({White should try} 32. Nxd4 $16 exd4 33. Qd2) 32... Rxb4 $11 33. cxd6 Rd8 34. Rb1 a5 (34... Rxb1 $11 35. Rxb1 h6) 35. Qc1 $2 (35. Rxb4 $16 axb4 36. Nxd4 exd4 37. Qf4) 35... Rxd6 (35... Nxe2 $15 36. Bxe2 Rxe4) 36. Qc5 $132 {[%mdl 2048] White has counterplay} Rxb1 37. Rxb1 Rd8 38. Qxa5 Qg5 39. Ng3 (39. Nf4 $11) 39... Rc8 (39... Nb3 $5 {[%cal Rb3a5]} 40. Qb5 Nd4 $15) 40. Qe1 h5 41. Nf1 Rd8 42. Ne3 Kh7 43. Bc4 {[#]} Nc2 $1 {[%mdl 512]} 44. Nxc2 {Bd5 is the strong threat.} Bxc4 45. Ne3 Be6 46. Qe2 Ra8 47. Nd5 Rd8 48. Rf1 Kg7 49. Nc7 Bc8 50. Qc4 Qe7 51. Qc6 Be6 52. Qc3 Ba2 53. h3 {Black must now prevent Rf5.} h4 54. Qc2 (54. Rf4 $1 $14) 54... Rc8 55. Qxa2 Rxc7 {[%mdl 4096] Endgame KQR-KQR} 56. Qd2 Rc6 57. Rf5 Rg6 58. Qc3 Rg5 59. Rf3 Rg6 60. Kh2 Rg5 (60... Qg5 {keeps more tension.} 61. g3 Rd6 62. Rd3 Ra6 63. Rf3 Ra4) 61. Qd2 Kg6 (61... Rg6 {is interesting.} 62. Qf2 Rg5 63. Qe3 Rg6 64. Rf5 Qd6) 62. Qf2 Rh5 63. Qb6+ Kg7 64. Qe3 Qg5 65. Qc3 {Threatens to win with Rf5.} Qg6 66. g4 hxg3+ $1 67. Rxg3 Rg5 68. h4 Rxg3 69. Qxg3 f6 70. Kh3 Qxg3+ $1 71. Kxg3 f5 $1 {The position is equal.} 72. exf5 {Intending h5 and mate.} Kf6 73. Kg4 {White threatens h5 and mate.} e4 {Accuracy: White = 84%, Black = 76%.} 1/2-1/2

[Event "WSTCC-50 2020"]
[Site "Prague"]
[Date "2020.03.10"]
[Round "5.22"]
[White "Sirotkina, Nina"]
[Black "Dolgitser, Konstantin"]
[Result "1/2-1/2"]
[WhiteElo "2183"]
[BlackElo "2232"]
[Annotator "TA"]
[PlyCount "93"]
[EventDate "2020.03.06"]
[EventType "team-tourn"]
[EventCountry "CZE"]
[SourceTitle "playchess.com"]
[Source "ChessBase"]
[SourceQuality "1"]

{[%evp 9,93,0,0,0,0,0,0,-1,-1,0,-4,-6,-1,0,0,0,52,0,0,-5,0,0,28,45,33,-10,-5,-12,-14,0,26,-15,18,26,15,14,24,22,29,29,45,17,29,29,78,77,72,72,68,74,73,42,84,68,75,52,57,50,51,42,75,26,32,0,31,35,68,52,52,55,77,0,65,52,99,91,314,307,285,84,252,0,292,0,257,0]} 1. d4 d5 2. Bf4 c5 3. e3 cxd4 4. exd4 Nc6 5. c3 Bf5 6. Nf3 {B13: Caro-Kann: Exchange Variation and Panov-Botvinnik Attack.} e6 7. Bd3 Bxd3 8. Qxd3 {The position is equal.} Bd6 9. Bxd6 Qxd6 10. O-O Nge7 11. Re1 O-O 12. Nbd2 {[%cal Bb1d2,Bd2f1,Bf1h2,Bh2g4,Bg4e5][%mdl 32] [#]} b5 $146 ({Black should try} 12... Rab8 $11) ({Predecessor:} 12... Rfc8 13. Re2 Qf4 14. Nb3 Rc7 15. Rae1 Qf5 16. Nc5 b6 17. Qxf5 Nxf5 18. Nd3 h5 {½-½ (61) Geller,J (2539)-Kokarev,D (2629) Irkutsk 2010}) 13. a3 (13. b4 $1 $14) 13... Rab8 14. Nf1 Na5 15. Ng5 {[%csl Gg5][%cal Rd3h7] [#]} Ng6 16. h4 Qf4 17. g3 (17. Nxh7 $5 Kxh7 18. h5 $14 {[%mdl 64] Pin}) 17... Qf6 18. Nh2 h6 19. Ngf3 Nc4 20. Re2 Ne7 21. Ng4 $36 {[%mdl 2048] White is pushing.} Qf5 22. Qxf5 Nxf5 23. Nge5 {aiming for Nd7.} Rb7 24. Nd3 Nfd6 25. Nfe5 Rc7 26. Kg2 Nb7 27. a4 bxa4 28. Rxa4 Nbd6 29. Nxc4 Nxc4 30. Nc5 Re7 31. b4 Nd6 32. Ra5 Rb8 33. Kf3 Nb5 34. Re3 Rb6 35. Ra1 f6 36. Rae1 {[%cal Rc5e6]} Kf7 (36... e5 $5) 37. Kg2 g5 38. hxg5 hxg5 39. Rh1 Kg7 40. Rhe1 Kf7 41. g4 Re8 42. Rh1 {Threatens to win with Nd7.} Kg6 $2 (42... Rg8 $16 {keeps fighting.}) 43. Reh3 $18 {Intending Rh7 and mate.} Rg8 44. Re1 $2 (44. Nd7 $18 Rc6 45. Rh6+ Kf7 46. Rxf6+ Ke8 47. Ne5) 44... Re8 $2 (44... Rc6 $16) 45. Reh1 {Threatening mate with Rh7.} Rg8 $1 46. Re1 Re8 $1 {[#]} 47. Reh1 $2 {Accuracy: White = 71%, Black = 64%.} (47. Nd7 $1 $18) 1/2-1/2

[Event "WSTCC-50 2020"]
[Site "Prague"]
[Date "2020.03.10"]
[Round "5.23"]
[White "Koganov, Mikhail"]
[Black "Bogumil, Tatiana"]
[Result "1/2-1/2"]
[WhiteElo "2085"]
[BlackElo "2182"]
[Annotator "ChessBase"]
[PlyCount "54"]
[EventDate "2020.03.06"]
[EventType "team-tourn"]
[EventCountry "CZE"]
[SourceTitle "playchess.com"]
[Source "ChessBase"]
[SourceQuality "1"]
[TimeControl "40/5400+30:1800+30"]

1. Nf3 {[%emt 0:00:02]} Nf6 {[%emt 0:00:00]} 2. c4 {[%emt 0:00:06]} b6 {[%emt 0:01:33]} 3. g3 {[%emt 0:00:39]} Bb7 {[%emt 0:00:07]} 4. Bg2 {[%emt 0:00:07]} g6 {[%emt 0:02:33]} 5. Nc3 {[%emt 0:03:15]} Bg7 {[%emt 0:03:12]} 6. d4 {[%emt 0:02:43]} Ne4 {[%emt 0:03:17]} 7. Nxe4 {[%emt 0:04:32]} Bxe4 {[%emt 0:00:06]} 8. O-O {[%emt 0:00:30]} O-O {[%emt 0:03:38]} 9. Be3 {[%emt 0:17:10]} d6 {[%emt 0:07:50]} 10. Qd2 {[%emt 0:01:20]} Nd7 {[%emt 0:13:05]} 11. Bh6 {[%emt 0:01:27]} c5 {[%emt 0:00:58]} 12. Bxg7 {[%emt 0:01:43]} Kxg7 {[%emt 0:05:34]} 13. Qc3 {[%emt 0:04:47]} Kg8 {[%emt 0:04:26]} 14. Rad1 {[%emt 0:03:55]} cxd4 {[%emt 0:04:41]} 15. Rxd4 {[%emt 0:02:27]} Nf6 {[%emt 0:06:49]} 16. Qe3 {[%emt 0:02:24]} Bxf3 {[%emt 0:04:30]} 17. Bxf3 {[%emt 0:01:36]} Rc8 {[%emt 0:00:30]} 18. Rfd1 {[%emt 0:01:36]} Kg7 {[%emt 0:01:46]} 19. Rh4 {[%emt 0:04:19]} Rh8 {[%emt 0:02:08]} 20. Qh6+ {[%emt 0:03:47]} Kg8 {[%emt 0:02:32]} 21. b3 {[%emt 0:00:36]} Qf8 {[%emt 0:01:16]} 22. Qe3 {[%emt 0:00:26]} h6 {[%emt 0:03:35]} 23. Rhd4 {[%emt 0:05:06]} Kg7 {[%emt 0:01:46]} 24. Bd5 {[%emt 0:01:16]} Rc7 {[%emt 0:00:55]} 25. a4 {[%emt 0:01:03]} Qc8 {[%emt 0:03:18]} 26. Bg2 {[%emt 0:00:58]} Qf5 {[%emt 0:01:14]} 27. Qd3 {[%emt 0:00:51]} Qxd3 1/2-1/2

[Event "WSTCC-50 2020"]
[Site "Prague"]
[Date "2020.03.10"]
[Round "5.24"]
[White "Fatalibekova, Elena"]
[Black "Leverett, Bruce"]
[Result "1/2-1/2"]
[WhiteElo "2158"]
[BlackElo "2264"]
[Annotator "ChessBase"]
[PlyCount "74"]
[EventDate "2020.03.06"]
[EventType "team-tourn"]
[EventCountry "CZE"]
[SourceTitle "playchess.com"]
[Source "ChessBase"]
[SourceQuality "1"]
[TimeControl "40/5400+30:1800+30"]

1. e4 {[%emt 0:00:00]} d6 {[%emt 0:00:00]} 2. d4 {[%emt 0:00:00]} Nf6 {[%emt 0:00:06]} 3. Nc3 {[%emt 0:00:00]} e5 {[%emt 0:00:10]} 4. Nf3 {[%emt 0:00:29]} Nbd7 {[%emt 0:00:19]} 5. g3 {[%emt 0:01:21]} Be7 {[%emt 0:00:36]} 6. Bg2 {[%emt 0:00:08]} O-O {[%emt 0:01:07]} 7. O-O {[%emt 0:00:07]} c6 {[%emt 0:01:02]} 8. a4 {[%emt 0:01:32]} b6 {[%emt 0:03:49]} 9. b3 {[%emt 0:04:18]} Bb7 {[%emt 0:03:55]} 10. Bb2 {[%emt 0:00:34]} Qc7 {[%emt 0:05:15]} 11. Re1 {[%emt 0:00:26]} Rfe8 {[%emt 0:01:01]} 12. Qd2 {[%emt 0:10:01]} a6 {[%emt 0:07:37]} 13. d5 {[%emt 0:07:20]} cxd5 {[%emt 0:06:41]} 14. Nxd5 {[%emt 0:03:26]} Nxd5 {[%emt 0:00:45]} 15. exd5 {[%emt 0:00:04]} Rac8 {[%emt 0:01:25]} 16. Bh3 {[%emt 0:01:37]} Rb8 {[%emt 0:00:34]} 17. Bf1 {[%emt 0:07:32]} Nf6 {[%emt 0:04:34]} 18. c4 {[%emt 0:00:10]} Bc8 {[%emt 0:02:19]} 19. h3 {[%emt 0:03:43]} Nd7 {[%emt 0:06:42]} 20. b4 {[%emt 0:01:08]} a5 {[%emt 0:04:21]} 21. bxa5 {[%emt 0:02:06]} bxa5 {[%emt 0:00:08]} 22. Bc3 {[%emt 0:00:03]} Nc5 {[%emt 0:04:30]} 23. Rab1 {[%emt 0:09:32]} Bf5 {[%emt 0:04:34]} 24. Rb5 {[%emt 0:06:09]} Ne4 {[%emt 0:13:01]} 25. Qe3 {[%emt 0:03:22]} Nxc3 {[%emt 0:02:18]} 26. Qxc3 {[%emt 0:00:03]} Ra8 {[%emt 0:01:01]} 27. c5 {[%emt 0:01:50]} dxc5 {[%emt 0:01:26]} 28. Qxe5 {[%emt 0:00:03]} Qxe5 {[%emt 0:00:54]} 29. Rxe5 {[%emt 0:00:01]} Bd7 {[%emt 0:01:03]} 30. Rb7 {[%emt 0:00:24]} Bd6 {[%emt 0:01:27]} 31. Rxe8+ {[%emt 0:00:54]} Bxe8 {[%emt 0:00:06]} 32. Bb5 {[%emt 0:07:51]} Bxb5 {[%emt 0:01:03]} 33. Rxb5 {[%emt 0:00:01]} c4 {[%emt 0:00:14]} 34. Rb6 {[%emt 0:00:02]} Bb4 {[%emt 0:00:18]} 35. Rc6 {[%emt 0:00:02]} c3 {[%emt 0:00:27]} 36. Nd4 {[%emt 0:00:16]} Rd8 {[%emt 0:04:25]} 37. Nb5 {[%emt 0:00:14]} Kf8 1/2-1/2

[Event "WSTCC-50 2020"]
[Site "Prague"]
[Date "2020.03.10"]
[Round "5.25"]
[White "Denk, Adolf"]
[Black "Thorhallsson, Throstur"]
[Result "0-1"]
[WhiteElo "2224"]
[BlackElo "2424"]
[Annotator "TA"]
[PlyCount "72"]
[EventDate "2020.03.06"]
[EventType "team-tourn"]
[EventCountry "CZE"]
[SourceTitle "playchess.com"]
[Source "ChessBase"]
[SourceQuality "1"]

{[%evp 23,72,0,0,-57,-46,-50,-53,-71,-69,-109,-61,-100,-99,-92,-85,-80,-84,-169,-54,-114,-37,-465,-225,-235,-242,-350,-361,-507,-496,-483,-329,-609,-365,-372,-366,-731,-725,-772,-690,-1508,-280,-275,-270,-265,-275,-375,-275,-265,-263,-29994,-29995]} 1. c4 e6 2. Nf3 d5 3. d4 c6 4. Qc2 Nf6 5. Bg5 Be7 6. e3 Nbd7 7. Nc3 O-O 8. cxd5 exd5 9. Bd3 Re8 10. O-O Nf8 11. Bxf6 Bxf6 12. b4 Bg4 13. b5 {D36: Queen's Gambit Declined: Exchange Variation: Main line (5 Bg5 c6 6 Qc2).} ({White should try} 13. Nd2 $11) 13... Bxf3 $15 14. gxf3 c5 15. dxc5 {Black is slightly better.} Rc8 16. Qb3 {[#]} Rxc5 $146 ({Predecessor:} 16... Ne6 17. Rac1 Nxc5 18. Qd1 Nxd3 19. Qxd3 Bxc3 20. Rxc3 Qg5+ 21. Kh1 Qf6 22. Rfc1 Qxf3+ {0-1 (29) Van der Linde,M-Wedberg,T Groningen 1974}) 17. Na4 Rc7 18. Rad1 d4 19. b6 axb6 20. Nxb6 (20. Kh1 $17 {was necessary.}) 20... Rc5 (20... Rc3 $19 21. Qb4 Re6) 21. Be4 (21. f4 $15) 21... Rh5 (21... Be5 $1 $17 {[%cal Re5h2]} 22. Bd5 Qg5+ 23. Kh1 Bxh2 $1 {[%mdl 512]} 24. Bxf7+ {[%mdl 64] Double Attack} Kh8 25. Rxd4 (25. Bxe8 {gets mated.} Qh4 26. Qg8+ {[%mdl 64] Decoy} Kxg8 27. Bf7+ Kxf7 28. f4 Bxf4+ {[%mdl 64] Discovered Attack} 29. Kg2 Qg4+ 30. Kh1 Rh5#) 25... Bc7) 22. Kg2 $2 {[%mdl 8192] Loses the game.} (22. Bd5 $1 $15 Ne6 23. f4) 22... Be5 (22... Ree5 $142 23. Nd5 Rxd5 24. Bxd5 Rg5+ 25. Kh1 Rxd5 26. Qxb7 d3) 23. Rh1 $19 Qh4 $40 {[%mdl 128] Black is out for blood.} 24. Kf1 (24. h3 $142) 24... dxe3 25. fxe3 (25. Qxe3 {was the only chance.} Bf4 26. Qb3) 25... Qh3+ 26. Ke2 Rg5 {aiming for ...Rg2+.} 27. Kd3 $2 (27. Rhf1) 27... Ne6 {...Nc5+ is the strong threat.} 28. Qb5 Rd8+ 29. Kc4 $2 (29. Kc2 Bd6 30. Nd5) 29... Bd4 30. Nd5 Rc8+ 31. Kb4 {[#]} Bc5+ $2 (31... Qg2 $1 {[%mdl 512] ( -> ...Qb2+)} 32. Qd3 {[#]} Rxd5 $1 {[%mdl 512]}) 32. Kb3 Bf8 33. Kb2 Nc5 34. Rd2 Nxe4 35. fxe4 {[#]} Qxe3 $1 {[%mdl 512]} 36. Re2 $2 (36. Qd3 $19 Qxd3 37. Rxd3) (36. Nxe3 Rxb5+) 36... Ba3+ {Accuracy: White = 24%, Black = 50%.} 0-1

[Event "WSTCC-50 2020"]
[Site "Prague"]
[Date "2020.03.10"]
[Round "5.26"]
[White "Jonsson, Bjorgvin"]
[Black "Druckenthaner, Andreas"]
[Result "1-0"]
[WhiteElo "2324"]
[BlackElo "2277"]
[Annotator "TA"]
[PlyCount "161"]
[EventDate "2020.03.06"]
[EventType "team-tourn"]
[EventCountry "CZE"]
[SourceTitle "playchess.com"]
[Source "ChessBase"]
[SourceQuality "1"]

{[%evp 10,161,54,56,55,0,9,0,0,-1,-8,-26,6,-6,30,26,75,75,122,114,125,89,118,113,172,110,131,118,153,150,172,195,215,209,222,234,221,202,234,245,379,421,369,170,477,430,602,597,547,560,515,340,339,329,330,320,314,320,398,365,379,316,322,310,323,318,381,327,326,332,322,260,356,261,706,704,29979,787,780,761,710,664,719,710,599,571,12849,29941,6605,6629,29964,29965,29964,29962,29963,29964,29964,29965,29964,29962,29962,29962,29961,29958,29958,29956,29957,29958,29967,29968,29967,29961,29958,29963,29964,29964,29969,29965,29973,29974,29974,29975,29975,29973,29973,29974,29974,29975,29974,29976,29975,29974,29974,29975,29974,29976,29972,5708,29972,11850,29980,29980,29980,29981,29982,29982,29982,29983,29983,29984,29984,29985,29985,29986]} 1. e4 g6 2. d4 Bg7 3. Nc3 d6 4. Be3 c6 5. Qd2 b5 6. Bd3 Qc7 {B06: Modern Defence.} 7. O-O-O Nd7 8. h4 h5 {[#] The position is equal.} 9. Kb1 $146 ({Predecessor:} 9. f4 b4 10. Nb1 a5 11. Nh3 Nh6 12. Nf2 d5 13. e5 Nb6 14. Qe2 Be6 15. Rdg1 {0-1 (50) Liebscher,H (1938)-Weidlich,G (2066) Binz 2015}) 9... Ngf6 10. f3 Nb6 11. Nh3 Bxh3 (11... b4 $5 12. Ne2 $8 a5 $14) 12. Rxh3 Nfd7 13. f4 Rb8 14. e5 b4 15. Ne2 Nd5 {[#]} 16. e6 $1 N7f6 (16... fxe6 $16 17. Bxg6+ Kd8) 17. f5 (17. exf7+ $18 Kxf7 18. f5) 17... gxf5 18. exf7+ Kxf7 19. Bxf5 e6 20. Bd3 Qa5 {White must now prevent ...Nc3+!} 21. Ka1 Ke7 22. Bg5 Kd7 23. Rf3 Rbf8 24. Rdf1 Ng4 (24... Kc7 $142 25. Qe1 Nd7) 25. Rf7+ $18 {[%mdl 64] Double Attack} Kc8 26. Qe1 (26. c4 $142 bxc3 27. Nxc3 (27. bxc3 Bf6 $16) 27... Rxf7 28. Rxf7 Bxd4 29. Nxd5 Qxd5 30. Ba6+ Kb8 {[#]} 31. Qf4 $1 {[%mdl 512]} (31. Qb4+ Bb6 $11)) 26... Rxf7 $2 (26... Bf6 27. Rxf8+ Rxf8) 27. Rxf7 Bf6 28. Nf4 Nxf4 29. Bxf4 e5 30. Bf5+ Kb8 31. Bxg4 hxg4 32. Rxf6 {[%cal Rd4e5]} exf4 33. Rxf4 {[%mdl 4096] Endgame KQR-KQR} Qd5 34. Qxb4+ Ka8 35. Qd2 Rxh4 {( -> ...Rh1+)} 36. b3 {aiming for Rf8+.} ({Not} 36. Rf8+ Kb7 $16) 36... c5 37. Kb2 Kb7 38. g3 Rh7 39. Rxg4 Rc7 40. Rg5 Qf3 41. Qf4 Qg2 $2 (41... Qxf4 42. gxf4 cxd4) 42. Qxd6 cxd4 43. Qd5+ (43. Rb5+ $142 Kc8 44. Qe6+ Rd7 45. Rc5+ Kd8 46. Qf6+ Re7 47. Re5 Qc6 48. Qxe7+ Kc8 49. Rg5) 43... Qxd5 44. Rxd5 {KR-KR} Rg7 45. Rxd4 Rxg3 46. b4 Kc6 47. a3 {[%cal Ba2a3,Ba3b4][%mdl 32]} a5 {and the idea ...axb4 leaves Black hopeful.} 48. Rc4+ Kb6 49. Rc5 axb4 50. axb4 Rg1 51. Rh5 Rg3 52. c3 Rf3 53. Kb3 Rg3 54. Rh6+ Kb5 55. Rh8 Rf3 56. Rd8 Rh3 57. Rd5+ Kc6 58. Re5 Rh1 59. Re6+ Kd5 60. Rg6 Rb1+ 61. Ka4 Rc1 62. Rg5+ Kc6 63. b5+ Kb6 64. Rg6+ Kb7 65. Kb4 Rh1 66. c4 Rh4 67. Re6 Rg4 68. Kc5 Rg5+ 69. Kd4 Rg4+ 70. Kd5 Rg1 71. Rd6 Rg5+ 72. Kd4 Rh5 73. Rd5 (73. c5 $142 Rh7 74. Re6 Rg7 75. Ke5 Rg1 76. Re7+ Kb8 77. c6 Rg6 78. Kd5 Rg5+ 79. Kc4) 73... Rh7 74. Kc5 Rh4 75. Rd7+ {White mates.} Kc8 76. Rg7 Kb8 77. b6 Rh5+ 78. Kc6 {[%cal Rg7g8]} Rh6+ 79. Kb5 Rh1 80. c5 Rh5 81. Ka6 {Accuracy: White = 79%, Black = 55%.} 1-0

[Event "WSTCC-50 2020"]
[Site "Prague"]
[Date "2020.03.10"]
[Round "5.27"]
[White "Ernst, Michael"]
[Black "Gislason, Gudmundur"]
[Result "0-1"]
[WhiteElo "2155"]
[BlackElo "2322"]
[Annotator "ChessBase"]
[PlyCount "74"]
[EventDate "2020.03.06"]
[EventType "team-tourn"]
[EventCountry "CZE"]
[SourceTitle "playchess.com"]
[Source "ChessBase"]
[SourceQuality "1"]
[TimeControl "40/5400+30:1800+30"]

1. d4 {[%emt 0:00:00]} Nf6 {[%emt 0:00:00]} 2. Bf4 {[%emt 0:00:00]} g6 {[%emt 0:00:02]} 3. Nf3 {[%emt 0:00:00]} Bg7 {[%emt 0:00:06]} 4. h3 {[%emt 0:00:18]} c5 {[%emt 0:00:06]} 5. e3 {[%emt 0:00:44]} Qb6 {[%emt 0:00:46]} 6. Nc3 {[%emt 0:02:49]} O-O {[%emt 0:07:00]} 7. Rb1 {[%emt 0:06:07]} Qa5 {[%emt 0:10:17]} 8. Qd2 {[%emt 0:04:34]} d6 {[%emt 0:14:17]} 9. Be2 {[%emt 0:00:56]} Nc6 {[%emt 0:02:09]} 10. O-O {[%emt 0:01:53]} a6 {[%emt 0:14:14]} 11. a3 {[%emt 0:05:33]} b5 {[%emt 0:06:06]} 12. Rfd1 {[%emt 0:09:16]} b4 {[%emt 0:02:04]} 13. Na2 {[%emt 0:01:53]} Be6 {[%emt 0:01:14]} 14. c4 {[%emt 0:06:48]} Bf5 {[%emt 0:08:09]} 15. Ra1 {[%emt 0:09:20]} Ne4 {[%emt 0:03:14]} 16. Qc1 {[%emt 0:04:59]} bxa3 {[%emt 0:02:41]} 17. bxa3 {[%emt 0:00:42]} e5 {[%emt 0:02:16]} 18. dxe5 {[%emt 0:01:53]} dxe5 {[%emt 0:00:08]} 19. Bh2 {[%emt 0:01:03]} Rfd8 {[%emt 0:02:36]} 20. Rd5 {[%emt 0:05:40]} Be6 {[%emt 0:02:42]} 21. Rxd8+ {[%emt 0:04:16]} Rxd8 {[%emt 0:00:07]} 22. Qc2 {[%emt 0:08:42]} f5 {[%emt 0:06:26]} 23. Rd1 {[%emt 0:08:50]} Rxd1+ {[%emt 0:01:18]} 24. Qxd1 {[%emt 0:00:15]} Qxa3 {[%emt 0:00:43]} 25. Qc2 {[%emt 0:02:59]} h6 {[%emt 0:03:07]} 26. Nd2 {[%emt 0:01:50]} Nb4 {[%emt 0:01:00]} 27. Nxb4 {[%emt 0:00:04]} cxb4 {[%emt 0:00:55]} 28. Nxe4 {[%emt 0:02:57]} fxe4 {[%emt 0:02:49]} 29. Bg3 {[%emt 0:00:12]} b3 {[%emt 0:03:10]} 30. Qxe4 {[%emt 0:00:03]} b2 {[%emt 0:00:54]} 31. Bd3 {[%emt 0:01:43]} Bf5 {[%emt 0:01:33]} 32. Qd5+ {[%emt 0:00:02]} Kh7 {[%emt 0:00:33]} 33. e4 {[%emt 0:00:41]} Be6 {[%emt 0:00:06]} 34. Qb7 {[%emt 0:00:57]} Qxd3 {[%emt 0:00:39]} 35. Qxb2 {[%emt 0:00:51]} Qxe4 {[%emt 0:00:21]} 36. c5 {[%emt 0:00:32]} Bd5 {[%emt 0:00:14]} 37. f3 {[%emt 0:00:11]} Qd4+ {[%emt 0:00:07]} 0-1